| 000 | 01019nam a2200301 c 4500 | ||
|---|---|---|---|
| 003 | BLK | ||
| 005 | 20180422114551.0 | ||
| 008 | 180411b bul|||||r ||||||| ||bul|| | ||
| 010 | _aKNG00181365000 | ||
| 040 | _aBLK | ||
| 041 |
_aBUL _cBUL |
||
| 080 |
_aБелгийска литература _b821.133.1(493) _x-31 _z821.133.1(493)-31 |
||
| 100 | 1 |
_aСименон, Жорж _eпърви автор _9120226 |
|
| 700 | 1 |
_aГрекова, Евгения _eпрев. от фр. _9368447 |
|
| 139 |
_aСименон, Жорж _bС 37 |
||
| 245 | 1 | 0 |
_aКлопката на Мегре _bРоман _cЖорж Сименон; прев. от фр. Евгения Грекова. |
| 257 | _aBEL | ||
| 260 |
_аСофия _bКлуб 90 _c1991 |
||
| 300 |
_a118 с. _c19 см |
||
| 380 | _aX | ||
| 653 | _aкрими | ||
| 653 | _aромани | ||
| 852 | _aЦб 165351 | ||
| 856 | 4 |
_qpdf _u |
|
| 856 | 4 |
_qpdf _u |
|
| 942 |
_cKNG _n0 |
||
| 944 |
_aCR _c09.09.2015 _kСтанимира_Цанева |
||
| 944 |
_aED _c10.09.2015 _kСтанимира_Цанева |
||
| 999 |
_c172991 _d172991 |
||